UBT Library

Pathologic basis of disease / (Record no. 43728)

000 -LEADER
fixed length control field 00619cam a2200229 a 4500
001 - CONTROL NUMBER
control field 4242251
005 - DATE AND TIME OF LATEST TRANSACTION
control field 20180228090746.0
008 - FIXED-LENGTH DATA ELEMENTS--GENERAL INFORMATION
fixed length control field 831206s1984 paua b 001 0 eng
010 ## - LIBRARY OF CONGRESS CONTROL NUMBER
LC control number 83020403
020 ## - INTERNATIONAL STANDARD BOOK NUMBER
International Standard Book Number 0721675972
040 ## - CATALOGING SOURCE
Original cataloging agency DLC
Transcribing agency DLC
Modifying agency DLC
041 ## - LANGUAGE CODE
Language code of text/sound track or separate title eng
060 ## - NATIONAL LIBRARY OF MEDICINE CALL NUMBER
Classification number QZ 4 R636p
080 ## - UNIVERSAL DECIMAL CLASSIFICATION NUMBER
Universal Decimal Classification number 616.07 STA
082 00 - DEWEY DECIMAL CLASSIFICATION NUMBER
Classification number 616.07 STA
Edition number 19
100 1# - Rafti
Rafti 9
101 ## - Shkurtesa
Shkurtesa PAT
245 10 - TITLE STATEMENT
Title Pathologic basis of disease /
Statement of responsibility, etc Stanley L. Robbins, Ramzi S. Cotran, Vinay Kumar.
504 ## - BIBLIOGRAPHY, ETC. NOTE
Bibliography, etc Includes bibliographies and index.
906 ## - LOCAL DATA ELEMENT F, LDF (RLIN)
a 7
b cbc
c orignew
d 1
e ocip
f 19
g y-gencatlg
942 ## - ADDED ENTRY ELEMENTS (KOHA)
Source of classification or shelving scheme
Item type Books
Holdings
Withdrawn status Lost status Source of classification or shelving scheme Damaged status Not for loan Collection code Permanent location Current location Shelving location Date acquired Total Checkouts Full call number Barcode Date last seen Price effective from Koha item type
          Koleksioni i përgjithshem UBT - Lipjan UBT - Lipjan Koleksioni i përgjithshem 02/28/2018   616.07 STA 002-3000387 02/28/2018 02/28/2018 Books
          Koleksioni i përgjithshem UBT - Lipjan UBT - Lipjan Koleksioni i përgjithshem 03/03/2021   616.07 STA 002-6000203 03/03/2021 03/03/2021 Books
          Koleksioni i përgjithshem UBT - Lipjan UBT - Lipjan   10/06/2022   616.07 STA 00280028700134 10/06/2022 10/06/2022 Books
UBT Library © 2015-2024. All rights reserved University Education for Business and Technology